Fragmenty z deníku

Bibliographic Details
Main Author: Gombrowicz, Witold, 1904-1969 (Author)
Other Authors: Mikešová, Iveta, 1957- (Translator)
Format: Article
Language:Slovak
Czech
Polish
Subjects:

MARC

LEADER 00000nab a2200000 a 4500
001 vtls000502773
003 SK-MaSNL
005 20260304101514.0
008 250426c1993 xo 0 slo
015 |a SNBRB19rr/mm-uuuuu 
035 |a CL0502911 
035 |a urn:nbn:sk:snk-ab9d62 
035 |a (urnnbn)urn:nbn:sk:snk:ar-a089tt 
035 |a (uuid)a4c49106-128a-4da0-aa0d-74f8c540f4ff 
040 |a SNKBUCL  |b slo  |c SNKBUCL  |e AACR2 
041 0 |a cze  |h pol 
044 |a xo  |c SK 
080 |a 884-94  |2 1981 
100 1 |a Gombrowicz, Witold,  |d 1904-1969  |4 aut  |9 88070 
245 1 0 |a Fragmenty z deníku  |c Witold Gombrowicz ; preložila Iveta Mikešová 
500 |a Informácie o autorovi 
600 1 7 |a Gombrowicz, Witold,  |d 1904-1969  |2 snkbucl  |9 88070 
655 7 |a denníky  |2 snkbucl  |9 70534 
655 7 |a články z novín a časopisov  |2 snkbucl  |9 267496 
655 7 |a články z odboru literárna veda a krásna literatúra  |2 snkbucl  |9 770045 
700 1 |a Mikešová, Iveta,  |d 1957-  |4 trl  |9 182552 
773 0 |t Fragment  |g Roč. 7, č. 4 (1993), s. 60-70 
850 |a Slovenská národná knižnica 
852 |a Slovenská národná knižnica 
958 |a article13 
958 |a OND 
958 |a RK 
958 |a LX 
958 |a PL 
992 |a RBX 
999 |c 2842021  |d 2843951